000 00283nam a22001337a 4500
008 170918b xxu||||| |||| 00| 0 eng d
020 _a9781893239531
041 _aeng
080 _a7
100 _a44
101 _aART
245 _aPOETRY& COMPASSION
_cSMOCK,F
942 _2udc
_cBK
999 _c27950
_d27950